Logo BPK

Biblioteka

Politechniki Koszalińskiej

Angielski "No problem!" : (Rekord nr 52131)

Szczegóły MARC
000 -ETYKIETA REKORDU
podpole kontrolne o stałej długości 01085nam a2200265 i 4500
001 - NUMER KONTROLNY REKORDU
pole kontrolne bg
020 ## - MIĘDZYNARODOWY ZNORMALIZOWANY NUMER KSIĄŻKI - ISBN
ISBN 8360199086
020 ## - MIĘDZYNARODOWY ZNORMALIZOWANY NUMER KSIĄŻKI - ISBN
ISBN 9788360199084
040 ## - ŹRÓDŁO KATALOGOWANIA
Instytucja, która utworzyła rekord BPK
041 w# - KOD JĘZYKA
Kod języka tekstu engpol
080 ## - UNIWERSALNA KLASYFIKACJA DZIESIĘTNA - UKD
UKD 811.111(07)
920 ## - Międzynarodowy znormalizowany numer książki – ISBN
ISBN 83-60199-08-6
920 ## - Międzynarodowy znormalizowany numer książki – ISBN
ISBN 978-83-60199-08-4
008 - POLE O STAŁEJ DŁUGOŚCI - DANE KONTROLNE
podpole kontrolne o stałej długości s pl f |000 0 pol
100 1# - NAZWA OSOBOWA
Nazwa osobowa KRZYŻANOWSKI, Henryk
245 10 - TYTUŁ/ODPOWIEDZIALNOŚĆ
Tytuł Angielski "No problem!" :
Ciąg dalszy tytułu intensywny kurs do samodzielnej nauki, poziom zaawansowany /
Pozostałe elementy strefy tytułu i oznaczenia odpowiedzialności Henryk Krzyżanowski.
260 ## - STREFA ADRESU WYDAWNICZEGO
Miejsce wydania Poznań :
Nazwa wydawcy/dystrybutora SuperMemo World,
Data publikacji, dystrybucji/powstania dokumentu 2006.
300 ## - STREFA OPISU FIZYCZNEGO
Objętość 265 s. ;
Rozmiary 19 cm +
Dokument towarzyszący CD ROM : program komputerowy, nagrania mp3.
500 ## - UWAGI OGÓLNE
Tekst uwagi Wymagania systemowe mp3: dowolny odtwarzacz mp3.
500 ## - UWAGI OGÓLNE
Tekst uwagi Wymagania systemowe do programu SuperMemo: procesor klasy Pentium lub nowszy, 64MB RAM,SVGA High Color 16-bitowy, rozdzielczość 800x600, napęd CD ROM, karta dźwiękowa, Windows 98 PL, 2000 PL, XP PL lub nowsze.
650 #9 - HASŁO PRZEDMIOTOWE W FORMIE NAZWY OGÓLNEJ LUB JEDNOSTKOWEJ
Nazwa ogólna lub geograficzna Język angielski
655 ## - TERMIN INDEKSOWY - OKREŚLENIE RODZAJU/FORMY DOKUMENTU
Określenie rodzaju/formy dokumentu Podręczniki
856 ## - LOKALIZACJA I DOSTĘP DO ELEKTRONICZNYCH DOKUMENTÓW ZDALNYCH
Link (URL) http://koha.tu.koszalin.pl/cgi-bin/koha/opac-detail.pl?biblionumber=52131
Tekst linku Katalog online BPK
942 ## - DODATKOWE ELEMENTY (KOHA)
Typ dokumentu Książka
Egzemplarze
Wycofany Status egzemplarza Uszkodzony Dostępność Lokalizacja stała Lokalizacja bieżąca Miejsce przechowywania Sygnatura Kod kreskowy Typ dokumentu Status: wypożyczony Ostatnio wypożyczono
      Dostępny Biblioteka Politechniki Koszalińskiej Biblioteka Politechniki Koszalińskiej Wypożyczalnia BG 80012 02339993 Książka    
      Dostępny Biblioteka Politechniki Koszalińskiej Biblioteka Politechniki Koszalińskiej Wypożyczalnia BG 80013 02339986 Książka    
      Dostępny Biblioteka Politechniki Koszalińskiej Biblioteka Politechniki Koszalińskiej Wypożyczalnia BG 80014 02339979 Książka 21.04.2027 24.04.2023
      Dostępny Biblioteka Politechniki Koszalińskiej Biblioteka Politechniki Koszalińskiej Wypożyczalnia BG CD 1364 02339818 Płyta CD    
      Dostępny Biblioteka Politechniki Koszalińskiej Biblioteka Politechniki Koszalińskiej Wypożyczalnia BG CD 1365 02339801 Płyta CD    
      Dostępny Biblioteka Politechniki Koszalińskiej Biblioteka Politechniki Koszalińskiej Wypożyczalnia BG CD 1366 02339795 Płyta CD 21.04.2027 24.04.2023
© 2023 Biblioteka Politechniki Koszalińskiej :: KOHA